| 000 | 00693aam a2200241 4500 | ||
|---|---|---|---|
| 005 | 20160923103226.0 | ||
| 008 | 150325b xxu||||| |||| 00| 0 spa d | ||
| 041 | _aES | ||
| 082 | _a3.27 O63g | ||
| 100 |
_aOrganización Mundial del Turismo _99368 |
||
| 245 | _aGuía para administradores locales: desarrollo turístico sostenible | ||
| 260 | _aEspaña | ||
| 260 | _bOMT | ||
| 260 | _c1999 | ||
| 300 | _a221 páginas | ||
| 650 |
_aTURISMO SOSTENIBLE _99369 |
||
| 650 |
_aPLANIFICACIÓN TURÍSTICA _91534 |
||
| 650 |
_aTURISMO ECOLÓGICO _91911 |
||
| 650 |
_aDESARROLLO TURÍSTICO _95393 |
||
| 650 |
_aPROMOCIÓN TURÍSTICA _91089 |
||
| 650 |
_aIMPACTO AMBIENTAL _91662 |
||
| 942 | _cBK | ||
| 999 |
_c1008 _d1008 |
||